000 00863nas a2200253 4500
001 BR2011005322
003 BR-BrBNA
005 20231205115608.0
007 ta
008 230509b bl.|||p| |||| 00| 00por d
040 _aBR-BrBNA
_bpor
_cBiblioteca Nacional de Agricultura
041 _a(Es)
072 _aF50
100 1 _aGrosso, M.A.
245 1 _aCrecimiento secundario inusual en raíz principal de Pfaffia gnaphalioides (L. Fil.)Mart. (Amaranthaceae)
246 1 _aSecondary and uusual growth in main root of Pfaffia gnaphalioides (L. Fil.)Mart. (Amaranthaceae)
650 _aAMARANTHACEAE
650 _aRAIZ
650 _aCRESCIMENTO
650 _aMERISTEMA
773 0 _tActa Botanica Brasilica (Brazil)
_xISSN 0102-3306
_g(Jan-Mar 2007), v. 21(1) p. 21-26
_wBR2011005322
909 _a202311
_bLúcia
_c55
_dLúcia Elande
942 _2AGRIS
_n0
_cANA
999 _c214688
_d214688